Online
Catalog

Cuentos / (Record no. 14972)

MARC details
000 -CABECERA
campo de control de longitud fija 02159nam a2200373 a 4500
001 - NÚMERO DE CONTROL
campo de control 000015413
003 - IDENTIFICADOR DEL NÚMERO DE CONTROL
campo de control DO-SdBNP
005 - FECHA Y HORA DE LA ÚLTIMA TRANSACCIÓN
campo de control 20250219134730.0
007 - CAMPO FIJO DE DESCRIPCIÓN FÍSICA--INFORMACIÓN GENERAL
campo de control de longitud fija ta
008 - DATOS DE LONGITUD FIJA--INFORMACIÓN GENERAL
campo de control de longitud fija 100208s2008 dr r 000 j spa d
020 ## - NÚMERO INTERNACIONAL ESTÁNDAR DEL LIBRO
Número Internacional Estándar del Libro 9789945861396
040 ## - FUENTE DE LA CATALOGACIÓN
Centro catalogador/agencia de origen DO-SdBNP
Lengua de catalogación spa
Centro/agencia transcriptor BNPHU
Normas de descripción rda
082 #4 - NÚMERO DE LA CLASIFICACIÓN DECIMAL DEWEY
Número de clasificación RD863.08
Número de documento/Ítem C691
Número de edición 22
245 00 - MENCIÓN DE TÍTULO
Título Cuentos /
Mención de responsabilidad, etc. compilación, Julio Postigo ; introducción, Diógenes Céspedes.
264 #1 - PRODUCCIÓN, PUBLICACIÓN, DISTRIBUCIÓN, FABRICACIÓN Y COPYRIGHT
Producción, publicación, distribución, fabricación y copyright Santo Domingo :
Nombre del de productor, editor, distribuidor, fabricante Banco de Reservas de la República Dominicana:
-- Editora Sociedad Dominicana de Bibliófilos,
Fecha de producción, publicación, distribución, fabricación o copyright 2008.
300 ## - DESCRIPCIÓN FÍSICA
Extensión volumen ;
Dimensiones 27 cm.
336 ## - TIPO DE CONTENIDO
Término de tipo de contenido texto
Código de tipo de contenido txt
Fuente rdacontent
337 ## - TIPO DE MEDIO
Nombre/término del tipo de medio sin mediación
Código del tipo de medio n
Fuente rdamedia
338 ## - TIPO DE SOPORTE
Nombre/término del tipo de soporte volumen
Código del tipo de soporte nc
Fuente rdacarrier
490 1# - MENCIÓN DE SERIE
Mención de serie Pensamiento dominicano
Designación de volumen o secuencia 2
500 ## - NOTA GENERAL
Nota general Rendición completa de la Colección Pensamiento Dominicano publicada entre 1949 y 1980.
500 ## - NOTA GENERAL
Nota general Incluye referencias bibliográficas y notas al pie de las páginas
505 1# - NOTA DE CONTENIDO CON FORMATO
Título Presentación.
-- Origen de la colección Pensamiento Dominicano y criterios de reedición /
Mención de responsabilidad Daniel Toribio --
Título Exordio /
Mención de responsabilidad Mariano Mella --
Título Introdución a la primera sección /
Mención de responsabilidad Diógenes Céspedes --
Título El cuento en Santo Domingo ;
-- Selección Antológica /
Mención de responsabilidad Sócrates Nolasco --
Título J. M. Sanz Lajara: el candado /
Mención de responsabilidad Manuel Valdeperes --
Título Cuentos escritos en el exilio y apuntes sobre el arte de escribir cuentos /
Mención de responsabilidad Juan Bosch --
Título Introducción a la segunda sección /
Mención de responsabilidad Diógenes Céspedes --
Título Cuentos de política criolla /
Mención de responsabilidad Emilio Rodríguez Demorizi --
Título Más cuentos escritos en el exilio /
Mención de responsabilidad Juan Bosch --
Título Crónicas de altocerro ;
-- Cuentos /
Mención de responsabilidad Virgilio Díaz Grullón --
Título Tradiciones y cuentos dominicanos /
Mención de responsabilidad Emilio Rodríguez Demorizi.
590 ## - NOTA LOCAL (RLIN)
Nota local Inventariado, 2019 / DG
650 #4 - PUNTO DE ACCESO ADICIONAL DE MATERIA--TÉRMINO DE MATERIA
Término de materia o nombre geográfico como elemento de entrada Cuentos dominicanos
Subdivisión general Colecciones
9 (RLIN) 503
650 #4 - PUNTO DE ACCESO ADICIONAL DE MATERIA--TÉRMINO DE MATERIA
Término de materia o nombre geográfico como elemento de entrada Autores dominicanos
Subdivisión general Siglo xix
9 (RLIN) 23683
650 #4 - PUNTO DE ACCESO ADICIONAL DE MATERIA--TÉRMINO DE MATERIA
Término de materia o nombre geográfico como elemento de entrada Autores dominicanos
Subdivisión general Siglo XX
9 (RLIN) 34801
650 #0 - PUNTO DE ACCESO ADICIONAL DE MATERIA--TÉRMINO DE MATERIA
Término de materia o nombre geográfico como elemento de entrada Literatura dominicana.
9 (RLIN) 67
700 1# - PUNTO DE ACCESO ADICIONAL--NOMBRE DE PERSONA
Nombre de persona Postigo, Julio,
Término indicativo de función/relación compilador
Código de función/relación comp.
9 (RLIN) 34802
700 1# - PUNTO DE ACCESO ADICIONAL--NOMBRE DE PERSONA
Nombre de persona Céspedes, Diógenes,
Fechas asociadas al nombre 1941-
9 (RLIN) 20548
710 2# - PUNTO DE ACCESO ADICIONAL--NOMBRE DE ENTIDAD CORPORATIVA
Nombre de entidad corporativa o nombre de jurisdicción como elemento de entrada Sociedad Dominicana de Bibliófilos
9 (RLIN) 34803
910 ## - DATOS DE OPCIÓN DEL USUARIO (OCLC)
Datos de opción del usuario Validado. Control de calidad MMOLINA
942 ## - ELEMENTOS DE PUNTO DE ACCESO ADICIONAL (KOHA)
Fuente del sistema de clasificación o colocación Dewey Decimal Classification
Tipo de ítem Koha Libro
Holdings
Estado de retiro Estado de pérdida Restricciones de uso No para préstamo Código de colección Localización permanente Ubicación/localización actual Ubicación en estantería Fecha de adquisición Número de inventario Total de préstamos Signatura topográfica completa Código de barras Fecha visto por última vez Precio válido a partir de Tipo de ítem Koha
  Extraviado     Patrimonio Dominicano General General Extraviado 12.03.2010 LF1   RD863.08 C691 | v. 2, e. 5 15413-100 25.06.2020 25.06.2020 Libro y Folleto Colección Patrimonio Dominicano
        Patrimonio Dominicano General General Depósito 08.02.2010 LF1   RD863.08 C691 | v. 1, e. 3 15413-30 25.06.2020 25.06.2020 Libro y Folleto Colección Patrimonio Dominicano
        Patrimonio Dominicano General General Depósito 08.02.2010 LF1   RD863.08 C691 | v.1, e. 4 15413-40 25.06.2020 25.06.2020 Libro y Folleto Colección Patrimonio Dominicano
        Patrimonio Dominicano General General Depósito 08.02.2010 LF1   RD863.08 C691 | v. 1, e. 5 15413-50 25.06.2020 25.06.2020 Libro y Folleto Colección Patrimonio Dominicano
  Extraviado     Patrimonio Dominicano General General Extraviado 12.03.2010 LF1   RD863.08 C691 | v. 2, e. 3 15413-80 25.06.2020 25.06.2020 Libro y Folleto Colección Patrimonio Dominicano
  Extraviado     Patrimonio Dominicano General General Extraviado 12.03.2010 LF1   RD863.08 C691 | v. 2, e. 4 15413-90 25.06.2020 25.06.2020 Libro y Folleto Colección Patrimonio Dominicano
      Excluido de préstamo Patrimonio Dominicano Patrimonio Dominicano Patrimonio Dominicano Depósito 08.02.2010 LF1   RD863.08 C691 | v. 1 15413-10 25.06.2020 25.06.2020 Libro y Folleto Colección Patrimonio Dominicano
      Excluido de préstamo Patrimonio Dominicano Patrimonio Dominicano Patrimonio Dominicano Depósito 08.02.2010 LF1   RD863.08 C691 | v. 1, e. 2 15413-20 25.06.2020 25.06.2020 Libro y Folleto Colección Patrimonio Dominicano
  Extraviado   Excluido de préstamo Patrimonio Dominicano Patrimonio Dominicano Patrimonio Dominicano Extraviado 12.03.2010 LF1   RD863.08 C691 | v. 2 15413-60 25.06.2020 25.06.2020 Libro y Folleto Colección Patrimonio Dominicano
  Extraviado   Excluido de préstamo Patrimonio Dominicano Patrimonio Dominicano Patrimonio Dominicano Extraviado 12.03.2010 LF1   RD863.08 C691 | v. 2, e. 2 15413-70 25.06.2020 25.06.2020 Libro y Folleto Colección Patrimonio Dominicano

Powered by Koha